Report of the Committee for promotion of Urdu, 1975 (Record no. 489480)

000 -LEADER
fixed length control field 00406cam a22001337a 4500
008 - FIXED-LENGTH DATA ELEMENTS--GENERAL INFORMATION
fixed length control field 180718b1975 xxu||||| |||| 00| 0 eng d
082 ## - DEWEY DECIMAL CLASSIFICATION NUMBER
Classification number P4121x54 In2u
100 ## - MAIN ENTRY--PERSONAL NAME
Personal name India. Committee for Promotion of Urdu
245 ## - TITLE STATEMENT
Title Report of the Committee for promotion of Urdu, 1975
260 ## - PUBLICATION, DISTRIBUTION, ETC.
Place of publication, distribution, etc. New Delhi
Name of publisher, distributor, etc. The author
Date of publication, distribution, etc. 1975
300 ## - PHYSICAL DESCRIPTION
Extent 296+p.
500 ## - GENERAL NOTE
General note Chairman: I.K. Gujral
700 ## - ADDED ENTRY--PERSONAL NAME
Personal name Gujral, I.K., Chairman
Holdings
Withdrawn status Lost status Damaged status Not for loan Permanent Location Current Location Date acquired Full call number Barcode Date last seen Price effective from Koha item type
        Indian Institute of Public Administration Indian Institute of Public Administration 2018-08-04 P4121x54 In2u GG18775 2018-08-04 2018-08-04 GG

Powered by Koha